| 000 | 00732nam a2200253Ia 4500 | ||
|---|---|---|---|
| 005 | 20250425162215.0 | ||
| 008 | 250425s9999 xx 000 0 und d | ||
| 020 | _a9584101609 | ||
| 041 | _aspa | ||
| 082 | _a658.048 | ||
| 100 | _aDAVILA L. DE GUEVARA, CARLOS | ||
| 245 | 0 | _aTEORIAS ORGANIZACIONALES Y ADMINSTRACION: ENFOQUE CRITICO | |
| 250 | _a2A ED. | ||
| 260 | _aBOGOTA | ||
| 260 |
_aColombia _bMCGRAW HILL _c2001 |
||
| 300 | _a317 | ||
| 500 |
_aEN CIBGZ-FIMCP 50488 _30.00 OCT.19.05 PARA ING. MECANICA, ADM. PROD.- MHP. |
||
| 650 | _aADMINISTRACION DE ORGANIZACIONES | ||
| 650 | _aADMINISTRACION-TEORIAS | ||
| 650 | _aRELACIONES HUMANAS | ||
| 650 | _aTEORIA ORGANIZACIONAL | ||
| 942 | _c01 | ||
| 010 | _a56719 | ||
| 999 |
_c224514 _d224514 |
||